| 000 | 00601nam a22001817a 4500 | ||
|---|---|---|---|
| 999 |
_c526754 _d526754 |
||
| 003 | NUST | ||
| 020 |
_a969-411-144-7 _qPBK |
||
| 038 | _aFaiza | ||
| 082 |
_a891.421 _bHUS |
||
| 100 |
_aHussain, Abul Tahir Fida _917751 |
||
| 245 |
_aKuliat e Khush Taba / _cAbul Tahir Fida Hussain |
||
| 260 |
_aLahore : _bPakistan Punjabi adabi board, _c1994. |
||
| 300 | _a110 p. ; | ||
| 880 |
_6100-01\r _aابوالطاہر فدا حُسین |
||
| 880 |
_6245-02\r _aکُلیاتِ خوش طبع / |
||
| 880 |
_6260-03\r _aلاہور : _bپاکستان پنجابی ادبی بورڈ, _c۱۹۹۴. |
||
| 942 |
_2ddc _cBK |
||